Joint Committee on Indian Constitutional Reform (session 1932-33) (Record no. 489178)

000 -LEADER
fixed length control field 00386cam a22001097a 4500
008 - FIXED-LENGTH DATA ELEMENTS--GENERAL INFORMATION
fixed length control field 180718b-- xxu||||| |||| 00| 0 eng d
082 ## - DEWEY DECIMAL CLASSIFICATION NUMBER
Classification number C0x54073 Un3j/32
100 ## - MAIN ENTRY--PERSONAL NAME
Personal name United Kingdom. Joint Committee on Indian Constitutional Reform
245 ## - TITLE STATEMENT
Title Joint Committee on Indian Constitutional Reform (session 1932-33)
260 ## - PUBLICATION, DISTRIBUTION, ETC.
Place of publication, distribution, etc. London
Name of publisher, distributor, etc. Her Majesty's Stationery Office
Date of publication, distribution, etc. --
300 ## - PHYSICAL DESCRIPTION
Extent 3 vols.
Holdings
Withdrawn status Lost status Damaged status Not for loan Permanent Location Current Location Date acquired Full call number Barcode Date last seen Price effective from Koha item type
        Indian Institute of Public Administration Indian Institute of Public Administration 2018-08-04 C0x54073 Un3j/32 GR4678 2018-08-04 2018-08-04 GR
        Indian Institute of Public Administration Indian Institute of Public Administration 2018-08-04 C0x54073 Un3j/32 GR4677 2018-08-04 2018-08-04 GR
        Indian Institute of Public Administration Indian Institute of Public Administration 2018-08-04 C0x54073 Un3j/32 GR4676 2018-08-04 2018-08-04 GR
        Indian Institute of Public Administration Indian Institute of Public Administration 2018-08-04 C0x54073 Un3j/32 GR4654 2018-08-04 2018-08-04 GR

Powered by Koha